| 000 | 00579nam a2200205Ia 4500 | ||
|---|---|---|---|
| 003 | LDD | ||
| 008 | 181029s9999 xx 000 0 und d | ||
| 020 |
_a1856046001 _cP 60.00 |
||
| 040 | _cLDD | ||
| 100 | _aGorman, Tim Buckley | ||
| 245 | 0 |
_aSuccess at the enquiry desk _cTim Buckley Gorman |
|
| 250 | _aFifth edition | ||
| 260 |
_aLondon _bFacet _c2006 |
||
| 300 | _axi, 134 | ||
| 365 | _bP 60.00 | ||
| 901 |
_a3821 _b07-02-2007 |
||
| 902 |
_a2006/CR/0003756 _b21-02-2007 _cF _dALLIED _e2 |
||
| 903 |
_aDiscount-10 _bReqst by : Sharma, Jaideep |
||
| 942 |
_2ddc _cBK |
||
| 999 |
_c78096 _d78096 |
||